| 000 | 01045cam a22002654a 4500 | ||
|---|---|---|---|
| 005 | 20080820115011.0 | ||
| 008 | 080216s2008 ii b 001 0 eng | ||
| 010 | _aENG-92084 | ||
| 020 |
_a8120004175 _c200.00 |
||
| 020 |
_a9781200041758 _c200.00 |
||
| 035 | _aEN-75617 | ||
| 037 | _bDBAD / PUB | ||
| 040 |
_adpl _bEnglish |
||
| 082 | _a344.54046342 | ||
| 100 | _a Khan, Nuzhat Parveen | ||
| 245 |
_aLegal control of air pollution: _cby Nuzhat Praveen Khan _bproblems and prespectives / |
||
| 260 |
_bMetropolitan Book Co. _c2008 _aNew Delhi |
||
| 270 |
_a1, Netaji Subhash Marg, Daryaganj, _bNew Delhi _e110002 |
||
| 300 |
_axxi, 361p. _c23cm (Hb) |
||
| 500 | _aIncludes bibliographical references and index | ||
| 650 |
_aAir _xPollution _xLaw and legislation. |
||
| 942 |
_2ddc _cEN _mKHA _h344.54046342 |
||
| 999 |
_c19617 _d19617 |
||